| Tag |
First Indicator |
Second Indicator |
Subfields |
| LEADER |
00000cam a2200000 4500 |
| 001 |
in00000044955 |
| 005 |
20151007065140.0 |
| 008 |
740625s1930 nyu b 00000 eng u |
| 010 |
|
|
|a 30030728
|
| 035 |
|
|
|a (OCoLC)00929015
|
| 035 |
|
|
|9 AAE1387AM
|
| 040 |
|
|
|c MSC
|d TXA
|d UtOrBLW
|
| 049 |
|
|
|a TXAM
|c [68139]
|
| 050 |
0 |
0 |
|a QE438
|b .W33 1930
|
| 092 |
|
|
|a 543.6
|b W318c4
|
| 100 |
1 |
|
|a Washington, Henry S.
|q (Henry Stephens),
|d 1867-1934.
|
| 245 |
1 |
4 |
|a The chemical analysis of rocks /
|c by Henry S. Washington, PH.D.
|
| 250 |
|
|
|a 4th ed., rewritten and enl.
|
| 264 |
|
1 |
|a New York :
|b J. Wiley & sons, inc.;
|a London :
|b Chapman & Hall, limited,
|c 1930.
|
| 300 |
|
|
|a xvi, 296 pages :
|b illustrations ;
|c 24 cm.
|
| 336 |
|
|
|a text
|b txt
|2 rdacontent
|
| 337 |
|
|
|a unmediated
|b n
|2 rdamedia
|
| 338 |
|
|
|a volume
|b nc
|2 rdacarrier
|
| 500 |
|
|
|a Earlier editions have title: Manual of the chemical analysis of rocks.
|
| 504 |
|
|
|a "References": pages 278-281.
|
| 650 |
|
0 |
|a Rocks
|x Analysis.
|
| 999 |
|
|
|a MARS
|
| 999 |
f |
f |
|s 34f3e05d-5788-3449-bfd0-01cd2df55007
|i 0387453f-1e40-3c26-a37c-374b044ad296
|t 0
|
| 952 |
f |
f |
|p ric
|a Texas A&M University
|b Rellis Campus
|c Joint Library Facility
|d Remote Storage
|t 0
|e QE438 .W33 1930
|h Library of Congress classification
|i unmediated -- volume
|m A14800939662
|
| 998 |
f |
f |
|a QE438 .W33 1930
|t 0
|l Remote Storage
|